| 000 | 01001nam a2200217Ii 4500 | ||
|---|---|---|---|
| 003 | JO-AjNU | ||
| 008 | 230605s9999||||xx |||||||||||||| ||und|| | ||
| 017 | _a2005/7723 | ||
| 040 |
_aJO-AjNU _bara _erda _cJO-AjNU |
||
| 041 | _aara | ||
| 050 | 1 | 4 | _aGV716.S5238 2006 |
| 100 | 3 |
_aالشافعي، حسن أحمد, _eauthor _932004 |
|
| 245 | 0 | 0 | _aالموسوعة الاقتصادية لاقتصاديات الرياضة: التمويل والتأجير التمويلي في التربية البدنية والرياضية = L, easing Financil In Physical Education and Sport |
| 250 | _aط1 | ||
| 264 | 3 | 1 | _aالاسكندرية: دار الوفاء لدنيا الطباعة والنشر، 2006 |
| 300 |
_a247ص _bيشتمل على جداول ونماذج |
||
| 336 |
_atext _btxt _2rdacontent |
||
| 337 |
_aunmediated _bn _2rdamedia |
||
| 338 |
_avolume _bnc _2rdacarrier |
||
| 650 | 4 |
_aالتربية البدنية - التربية الرياضية -التمويل والتاجير _932005 |
|
| 999 |
_aA12868 _c16436 _d16436 |
||